|
|
|
|
| LEADER |
00736nam a2200253Ia 4500 |
| 008 |
141004s9999 xx 000 0 und d |
| 020 |
|
|
|a 0 85198 707 9
|
| 040 |
|
|
|c a
|
| 041 |
|
|
|a English
|
| 082 |
|
|
|a 631.523
|
| 082 |
|
|
|b GAT/PL
|
| 100 |
|
|
|a AMR Gateehouse
|
| 245 |
|
|
|a Plant genetic manipulation for crop protection
|
| 245 |
|
|
|c AMR Gateehouse
|
| 260 |
|
|
|a UK
|
| 260 |
|
|
|b CAB International
|
| 260 |
|
|
|c 1992
|
| 300 |
|
|
|a 266 p.
|
| 300 |
|
|
|b 23 cm
|
| 501 |
|
|
|a COF
|
| 650 |
|
|
|a Crop protection
|
| 942 |
|
|
|c BK
|
| 999 |
|
|
|c 172168
|d 172168
|
| 952 |
|
|
|0 0
|1 0
|4 0
|6 631_900000000000000
|7 0
|9 177357
|a KAUCOF
|b KAUCOF
|f 13A2
|o 631.9
|p KAU_COF-2345
|r 2014-10-04
|w 2014-10-04
|y BK
|